[Event "Bar op"]
[Site "Bar"]
[Date "2007.04.02"]
[Round "4"]
[White "Damjanovic, Dragan"]
[Black "Zagora, Cazim"]
[Result "1-0"]
[WhiteElo "2290"]
[BlackElo "2144"]
[PlyCount "29"]
[EventDate "2007.03.30"]
[EventType "swiss"]
[EventRounds "9"]
[EventCountry "YUG"]
[SourceTitle "CBM 117 Extra"]
[Source "ChessBase"]
[SourceDate "2007.05.09"]
[SourceVersion "1"]
[SourceVersionDate "2007.05.09"]
[SourceQuality "1"]

1. d4 d5 2. c4 c6 3. Nf3 h6 4. Nc3 Nf6 5. e3 Bf5 6. Qb3 Qb6 7. c5 Qc7 8. Ne5 Nbd7 9. f4 Ne4 10. Be2 f6 11. Bh5+ g6 12. Nxg6 Kf7 13. Nh4+ Ke6 14. g4 Nb8 15. gxf5+ 1-0

[Event "Bar op"]
[Site "Bar"]
[Date "2007.03.30"]
[Round "1"]
[White "Lajthajm, Borko"]
[Black "Zagora, Cazim"]
[Result "1-0"]
[WhiteElo "2515"]
[BlackElo "2144"]
[PlyCount "100"]
[EventDate "2007.03.30"]
[EventType "swiss"]
[EventRounds "9"]
[EventCountry "YUG"]
[SourceTitle "CBM 117 Extra"]
[Source "ChessBase"]
[SourceDate "2007.05.09"]
[SourceVersion "1"]
[SourceVersionDate "2007.05.09"]
[SourceQuality "1"]

1. d4 e6 2. Nf3 d5 3. c4 c6 4. Nc3 Nf6 5. Bg5 Be7 6. e3 0-0 7. Qc2 h6 8. Bh4 Qa5 9. Bd3 Na6 10. 0-0 Nb4 11. Qd2 Nxd3 12. Nxd5 Qxd2 13. Nxe7+ Kh7 14. Nxd2 Bd7 15. Bxf6 gxf6 16. Ne4 Kg7 17. Rad1 Nxb2 18. Rb1 Nxc4 19. Rxb7 Rfd8 20. Rc7 Be8 21. Nxc6 Rdc8 22. Rxc8 Rxc8 23. Nb4 f5 24. Nc5 Rb8 25. Nbd3 Bc6 26. Rc1 Na5 27. h4 Bd5 28. a4 Nb3 29. Rc3 Nd2 30. Rc1 Kh7 31. Nf4 Ba8 32. Nd7 Rb1 33. Rxb1 Nxb1 34. d5 exd5 35. Nf6+ Kg7 36. N6xd5 a5 37. Nb6 Bc6 38. Ne2 Nd2 39. Nd4 Be4 40. f3 Bd3 41. Kf2 Kg6 42. Nd5 Bc4 43. Ne7+ Kf6 44. Nexf5 Nb3 45. Nd6 Bd5 46. Nxb3 Bxb3 47. Nb7 Bxa4 48. Nxa5 Bd7 49. e4 Ke5 50. Ke3 Bb5 1-0

[Event "MNT op 5th"]
[Site "Sozina"]
[Date "2004.02.18"]
[Round "1"]
[White "Savic, Miodrag R"]
[Black "Zagora, Cazim"]
[Result "1-0"]
[WhiteElo "2522"]
[BlackElo "2274"]
[PlyCount "35"]
[EventDate "2004.02.18"]
[EventType "swiss"]
[EventRounds "9"]
[EventCountry "MNE"]
[SourceTitle "CBM 098 Extra"]
[Source "ChessBase"]
[SourceDate "2004.03.10"]
[SourceVersion "2"]
[SourceVersionDate "2004.03.10"]
[SourceQuality "1"]

1. e4 c6 2. d4 d5 3. e5 Bf5 4. Nf3 h6 5. Be2 e6 6. 0-0 Nd7 7. b3 Qa5 8. c4 Bxb1 9. Rxb1 Ba3 10. cxd5 cxd5 11. b4 Bxb4 12. a3 Be7 13. Rxb7 Rb8 14. Bd2 Qxa3 15. Rxb8+ Nxb8 16. Qb1 Nd7 17. Qb7 a6 18. Bxa6 1-0